The Creative Arts in Governance of Urban Renewal and Development / (Record no. 183831)

MARC details
000 -LEADER
fixed length control field 01034nam a2200301 i 4500
003 - CONTROL NUMBER IDENTIFIER
control field OSt
005 - DATE AND TIME OF LATEST TRANSACTION
control field 20210510104229.0
008 - FIXED-LENGTH DATA ELEMENTS--GENERAL INFORMATION
fixed length control field 210505s2020 nyu e 001 0 eng d
020 ## - INTERNATIONAL STANDARD BOOK NUMBER
International Standard Book Number 9781138675131
Terms of availability RM702.00
Qualifying information hardback
040 ## - CATALOGING SOURCE
Original cataloging agency PPAK
Language of cataloging eng
Transcribing agency PPAK
Description conventions rda
082 04 - DEWEY DECIMAL CLASSIFICATION NUMBER
Edition number 23
Classification number 701.03
090 00 - LOCALLY ASSIGNED LC-TYPE CALL NUMBER (OCLC); LOCAL CALL NUMBER (RLIN)
Classification number (OCLC) (R) ; Classification number, CALL (RLIN) (NR) 701.03
Feature heading SHA
Feature heading R
100 1# - MAIN ENTRY--PERSONAL NAME
Personal name Shand, Rory,
Relator term author.
245 10 - TITLE STATEMENT
Title The Creative Arts in Governance of Urban Renewal and Development /
Statement of responsibility, etc. Rory Shand
264 #1 - PRODUCTION, PUBLICATION, DISTRIBUTION, MANUFACTURE, AND COPYRIGHT NOTICE
Place of production, publication, distribution, manufacture New York :
Name of producer, publisher, distributor, manufacturer Routledge, Taylor & Francis Group,
Date of production, publication, distribution, manufacture, or copyright notice 2020
300 ## - PHYSICAL DESCRIPTION
Extent 169 pages :
Dimensions 24 cm
336 ## - CONTENT TYPE
Source rdacontent
Content type term text
337 ## - MEDIA TYPE
Source rdamedia
Media type term unmediated
338 ## - CARRIER TYPE
Source rdacarrier
Carrier type term volume
490 1# - SERIES STATEMENT
Series statement Routledge Explorations in Environmental Studies
504 ## - BIBLIOGRAPHY, ETC. NOTE
Bibliography, etc. note Includes bibliographical references and index.
650 10 - SUBJECT ADDED ENTRY--TOPICAL TERM
Topical term or geographic name entry element Artists and community
Form subdivision Economic aspects.
Topical term or geographic name entry element Arts
Form subdivision Economic aspects.
Topical term or geographic name entry element Arts and state
Form subdivision Economic aspects.
Topical term or geographic name entry element Urban renewal
830 #0 - SERIES ADDED ENTRY--UNIFORM TITLE
Uniform title Routledge explorations in environmental studies
942 ## - ADDED ENTRY ELEMENTS (KOHA)
Source of classification or shelving scheme Dewey Decimal Classification
Koha item type Book
Holdings
Withdrawn Not for loan Current library Shelving location Date acquired Full call number Barcode Date last seen Koha item type
  Not For Loan Perpustakaan Alor Setar Rujukan Dewasa 25/07/2021 R 701.03 SHA A01699936 25/07/2021 Book